Diferentes, desiguales y desconectados : (Registro nro. 17642)

Detalles MARC
000 -LEADER
fixed length control field 01489nam a2200289 4500
001 - CONTROL NUMBER
control field 0000018659
003 - CONTROL NUMBER IDENTIFIER
control field CO-CtgCURN
005 - DATE AND TIME OF LATEST TRANSACTION
control field 20250331184354.0
007 - PHYSICAL DESCRIPTION FIXED FIELD--GENERAL INFORMATION
fixed length control field ta
008 - FIXED-LENGTH DATA ELEMENTS--GENERAL INFORMATION
fixed length control field 160627s2004 000 0 eng d
020 ## - INTERNATIONAL STANDARD BOOK NUMBER
International Standard Book Number 9788497840446
040 ## - CATALOGING SOURCE
Original cataloging agency CO-CtgCURN
Language of cataloging spa
Transcribing agency coctgcurn
082 0# - DEWEY DECIMAL CLASSIFICATION NUMBER
Classification number 303.482
Item number G165
100 1# - MAIN ENTRY--PERSONAL NAME
Personal name García Canclini, Nestor.
245 10 - TITLE STATEMENT
Title Diferentes, desiguales y desconectados :
Remainder of title mapas de la interculturalidad /
Statement of responsibility, etc. Nestor García Canclini.
260 ## - PUBLICATION, DISTRIBUTION, ETC.
Place of publication, distribution, etc. Barcelona :
Name of publisher, distributor, etc. Gedisa,
Date of publication, distribution, etc. 2004.
300 ## - PHYSICAL DESCRIPTION
Extent 223 p.
336 ## - CONTENT TYPE
Source rdacontent
337 ## - MEDIA TYPE
Source rdamedia
Media type term sin mediacion
Media type code n
338 ## - CARRIER TYPE
Source rdacarrier
Carrier type term volumen
Carrier type code nc
505 8# - FORMATTED CONTENTS NOTE
Formatted contents note La cultura extraviada en sus definiciones.--Diferentes, desiguales y desconectados.--De como Clifford Geertz y Pierre Bourdieu llegaron al exilio.--La globalizacion de la antropología despues del posmodernismo.--Norte y Sur en los estudios culturales.--Modelos Latinoamericanos de integracion y desintegracion.--Quien habla y en que lugar: sujetos simulados y posconstructivismo.--·Ser diferente es desconectarse? Sobre las culturas juveniles.--Sociedades del conocimiento: la construcción intercultural del saber.--Mercados que desglobalizan: el cine latinoamericano como minoria
650 14 - SUBJECT ADDED ENTRY--TOPICAL TERM
Topical term or geographic name entry element Diversidad cultural.
908 ## - PUT COMMAND PARAMETER (RLIN)
Put command parameter 160627
942 ## - ADDED ENTRY ELEMENTS (KOHA)
Koha item type Libros
Classification part 303.482
Item part G165
Source of classification or shelving scheme Dewey Decimal Classification
Existencias
Withdrawn status Lost status Source of classification or shelving scheme Damaged status Not for loan Collection Home library Current library Shelving location Date acquired Inventory number Total checkouts Full call number Barcode Date last seen Copy number Price effective from Koha item type Public note
    Dewey Decimal Classification     General Miguel Henríquez Castañeda Miguel Henríquez Castañeda General 03/31/2025 015429   303.482 G165 015429 03/31/2025 ej.1 03/31/2025 Libros 300-CIENSO
    Dewey Decimal Classification     General Miguel Henríquez Castañeda Miguel Henríquez Castañeda General 03/31/2025 015446   303.482 G165 015446 03/31/2025 ej.2 03/31/2025 Libros 300-CIENSO